Toán cao cấp hàm nhiều biến

Сохранить в:
Библиографические подробности
Главный автор: Trần, Lưu Cường
Другие авторы: Nguyễn, Bá Thi
Формат:
Язык:Undetermined
Опубликовано: TP.HCM. Đại học Quốc gia TP. HCM 2005
Предметы:
Online-ссылка:http://lrc.tdmu.edu.vn/opac/search/detail.asp?aID=2&ID=3433
Метки: Добавить метку
Нет меток, Требуется 1-ая метка записи!
Thư viện lưu trữ: Trung tâm Học liệu Trường Đại học Thủ Dầu Một
LEADER 00794nam a2200205Ia 4500
001 TDMU_3433
008 210410s9999 xx 000 0 und d
082 |a 515.9 
090 |b TR121 
100 |a Trần, Lưu Cường 
245 0 |a Toán cao cấp hàm nhiều biến 
245 0 |c Trần Lưu Cường(chủ biên), Nguyễn Bá Thi, Ngô Thu Lương, Nguyễn Thị Xuân Anh, Huỳnh Bá Lân 
260 |a TP.HCM. 
260 |b Đại học Quốc gia TP. HCM 
260 |c 2005 
300 |a 231tr. 
650 |a Giải tích hàm nhiều biến; Toán cao cấp 
700 |a Nguyễn, Bá Thi 
856 |u http://lrc.tdmu.edu.vn/opac/search/detail.asp?aID=2&ID=3433 
980 |a Trung tâm Học liệu Trường Đại học Thủ Dầu Một